New concept of development: basic tenets (Record no. 496685)

000 -LEADER
fixed length control field 00308cam a22001097a 4500
008 - FIXED-LENGTH DATA ELEMENTS--GENERAL INFORMATION
fixed length control field 180718b1983 xxu||||| |||| 00| 0 eng d
082 ## - DEWEY DECIMAL CLASSIFICATION NUMBER
Classification number Tooo Un3n
100 ## - MAIN ENTRY--PERSONAL NAME
Personal name Perroux, Francois
245 ## - TITLE STATEMENT
Title New concept of development: basic tenets
Statement of responsibility, etc. by Francois Perroux
260 ## - PUBLICATION, DISTRIBUTION, ETC.
Place of publication, distribution, etc. London
Name of publisher, distributor, etc. Croomhelm
Date of publication, distribution, etc. 1983
300 ## - PHYSICAL DESCRIPTION
Extent 212p
Holdings
Withdrawn status Lost status Damaged status Not for loan Permanent Location Current Location Date acquired Full call number Barcode Date last seen Price effective from Koha item type
        Indian Institute of Public Administration Indian Institute of Public Administration 2018-08-04 Tooo Un3n G16107 2018-08-04 2018-08-04 G

Powered by Koha